Statistics for English Football League Clubs 21/22

Click here to take the quiz!

General Stats

  • This quiz has been taken 47 times
  • The average score is 71 of 92

Answer Stats

Answer% Correct
Arsenal
100%
Brighton
100%
Chelsea
100%
Aston Villa
97%
Brentford
97%
Derby
97%
Everton
97%
Liverpool
97%
Newcastle
97%
West Ham
97%
Fulham
94%
Leicester
94%
Man City
94%
Port Vale
94%
Southampton
94%
Swansea
94%
Tottenham
94%
Wolves
94%
Bournemouth
91%
Crystal Palace
91%
Hull
91%
Leeds
91%
Man United
91%
Norwich
91%
Nottingham Forest
91%
Sheffield United
91%
Sunderland
91%
Watford
91%
Bristol City
88%
Bristol Rovers
88%
Burnley
88%
Cardiff
88%
Reading
88%
West Brom
88%
Blackburn
85%
Ipswich
85%
Portsmouth
85%
Sheffield Wednesday
85%
Wigan
85%
Birmingham
82%
Blackpool
82%
Bolton
82%
Barnsley
79%
Cambridge
79%
Coventry
79%
Middlesbrough
79%
Northampton
79%
QPR
79%
Charlton
76%
Lincoln
76%
Luton
76%
Millwall
76%
Oxford
76%
Peterborough
76%
Stoke
76%
AFC Wimbledon
74%
Bradford
74%
Huddersfield
74%
Oldham
74%
Preston
74%
Wycombe
74%
Carlisle
71%
Colchester
71%
Doncaster
71%
Exeter
71%
Plymouth
71%
Leyton Orient
68%
MK Dons
68%
Swindon
68%
Tranmere
68%
Accrington Stanley
65%
Mansfield
65%
Gillingham
62%
Cheltenham
59%
Crawley
59%
Forest Green
59%
Newport
59%
Rochdale
59%
Rotherham
59%
Burton
53%
Crewe
53%
Fleetwood
53%
Hartlepool
50%
Morecambe
50%
Salford
50%
Scunthorpe
50%
Shrewsbury
50%
Walsall
50%
Barrow
47%
Harrogate
47%
Stevenage
47%
Sutton United
41%

Score Distribution

Percentile by Number Answered

Percent of People with Each Score

Your Score History

You have not taken this quiz